| 000 -LEADER |
| fixed length control field |
00386nam a2200145Ia 4500 |
| 020 ## - INTERNATIONAL STANDARD BOOK NUMBER |
| International Standard Book Number |
9.7893712636e+012 |
| 082 ## - DEWEY DECIMAL CLASSIFICATION NUMBER |
| Classification number |
343.5405 |
| Item number |
SIN/S |
| 100 ## - MAIN ENTRY--PERSONAL NAME |
| Personal name |
20260330u\\\\\\\\\\\y0engy0103\\\\ba |
| 100 ## - MAIN ENTRY--PERSONAL NAME |
| Personal name |
Singhania, Vinod K. |
| 245 #0 - TITLE STATEMENT |
| Title |
Students' Guide to GST & Customs Law |
| 250 ## - EDITION STATEMENT |
| Edition statement |
14th |
| 260 ## - PUBLICATION, DISTRIBUTION, ETC. |
| Place of publication, distribution, etc. |
New Delhi |
| Name of publisher, distributor, etc. |
Taxmann Publication Pvt Ltd |
| Date of publication, distribution, etc. |
2026 |
| 300 ## - PHYSICAL DESCRIPTION |
| Extent |
321p. |
| 942 ## - ADDED ENTRY ELEMENTS (KOHA) |
| Koha item type |
Book |